Pre-constitutional law and constitutions: spanish colonial law and the constitution of Cádiz

Gorde:
Xehetasun bibliografikoak
Egile nagusia: Mirow, Matthew Campbell (autor)
Formatua: Liburua
Hizkuntza:ingelesa
Argitaratua: Washington, D.C Washington University 2013
Edizioa:1a. ed
Saila:Global Studies Law Review, 12, 2
Gaiak:
Etiketak: Etiketa erantsi
Etiketarik gabe, Izan zaitez lehena erregistro honi etiketa jartzen!

MARC

LEADER 00000cam a2200000 a 4500
001 UCE4659
003 CL-VaPUC
008 141107e20130000us |||||||||||||||||eng|d
082 0 4 |a 342.46  |b MIR  |2 21 
100 |a Mirow, Matthew Campbell  |e autor  |9 585922 
245 1 0 |a Pre-constitutional law and constitutions: spanish colonial law and the constitution of Cádiz 
250 |a 1a. ed 
300 |a pág. irreg 
942 |c BK 
945 |d 20141107 12:15:00  |a dcastane 
260 |a Washington, D.C  |b Washington University  |c 2013 
650 0 |a Derecho constitucional   |9 222588 
650 0 |a Constitución española   |9 392668 
650 0 |a Derecho español  |9 255291 
583 |a last modification  |c 20141107 12:15:00  |k Rodrigo Vera 
490 0 |a Global Studies Law Review, 12, 2 
999 |c 357539  |d 357537 
952 |0 0  |1 0  |2 ddc  |3 erb  |4 0  |6 342_460000000000000_MIR_2013  |7 0  |8 A  |9 465564  |a BIBDER  |b BIBDER  |i 5122694  |o 342.46 MIR 2013  |p 5122694  |r 2023-01-25  |w 2019-11-23  |y MX  |z Catalogado en:20141107  |k DER